Anzeiger des Bergbaurevierrates für die Slowakei
Záujmový mesačník písaný po nemecky. Donášal spolkové správy, správy o činnosti, riešil sociálne otázky
| Corporate Authors: | , , , , , |
|---|---|
| Other Authors: | , , , , |
| Format: | Journal |
| Language: | German Slovak |
| PhysicalDescription: | 21 roč. 30 x 21 cm |
| Published: |
Ružomberok
Bergbaurevierrat für die Slovakei in Ružomberok
1924-7/VI 1926
Ružomberok Bergbaurevierrat für die Slovakei in Bratislava Ružomberok Bergbaurevierrat für die Slovakei in Bratislava, in Vertretung J. Bečko Bratislava Bergbauerevierrat in Bratislava Bratislava |
| Subjects: |
MARC
| LEADER | 00000nas a22000001a 4500 | ||
|---|---|---|---|
| 001 | vtls010300069 | ||
| 003 | SK-MaSNL | ||
| 005 | 20260228162453.0 | ||
| 008 | 110810d19241944xo mr p r 0 b0ger | ||
| 015 | |a SNBDS17XX9999 | ||
| 015 | |a 0984 |2 Kipsová 1919-38 | ||
| 015 | |a 0011 |2 Fedor 1939-44 | ||
| 038 | |a SNKBUDS | ||
| 040 | |a SNK |b slo |c SNK |e AACR2 | ||
| 041 | 0 | |a ger |a slo | |
| 044 | |a xo |c SK | ||
| 245 | 0 | 0 | |a Anzeiger des Bergbaurevierrates für die Slowakei |
| 246 | 1 | 3 | |a Anzeiger des Bergbaurevierrates für die Slowakei und Karpathorussland |f 3/XIV 1934-1938 |
| 246 | 1 | 3 | |a Anzeiger des Bergbauerrevierrates in Bratislava |f 1939-1944 |
| 260 | |a Ružomberok |b Bergbaurevierrat für die Slovakei in Ružomberok |c 1924-7/VI 1926 | ||
| 260 | 2 | |3 8/VI 1926-7/VII 1927 |a Ružomberok |b Bergbaurevierrat für die Slovakei in Bratislava | |
| 260 | 2 | |3 8/VII 1927-2/IV 1934 |a Ružomberok |b Bergbaurevierrat für die Slovakei in Bratislava, in Vertretung J. Bečko | |
| 260 | 3 | |3 1939-1944 |a Bratislava |b Bergbauerevierrat in Bratislava | |
| 260 | 2 | |3 3/IV 1934-1938 |a Bratislava |b Bergbaurevierrat für die Slovakei in Bratislava, in Vertretung J. Bečko | |
| 300 | |a 21 roč. |c 30 x 21 cm | ||
| 310 | |a 1x mesačne | ||
| 362 | 0 | |a Roč. IV, č. 4 (apríl 1924)-roč. XIV, č. 2 (február 1934) | |
| 500 | |a Vych. v Ružomberku, od 3/XIV (marec 1934) v Bratislave raz za mesiac vo formáte 30 x 21 cm, od roč. XIX (1939) 31 x 22 cm | ||
| 500 | |a Zodp. red. od 3/IV (20. apr. 1924) Karol Hrstka; od 8/IV (10. okt. 1924) Ladislav Kolenička; od 8/VI (31. aug. 1926) Július Mazanec; od 6/VII (jún 1927) Karol Svetlík; od 11-12/XXIV (1944) Josef Tubel | ||
| 500 | |a Vyd. a maj. Bergbaurevierrat für die Slowakei in Ružomberok; od 8/VI (31. aug. 1926) Bergbaurevierrat für die Slowakei in Bratislava; od 8/VII (aug. 1927) Bergbaurevierrat für die Slowakei in Bratislava, in Vertretung J. Bečko; od XIX/1939 vyd. Bergbauerevierrat in Bratislava, od roč. XXII (1942) aj maj. | ||
| 500 | |a Tlač. Slov. kníhtlačiareň (J. Skotek a spol., Ružomberok); od 9/VI (1. okt. 1926) Typographia, Bratislava; od 9/VII (sept. 1927) Slovenská kníhtlač. v Ružomberku; od od 11/XXI (1941) Štecko a Trepáč, Ružomberok;od 9/XXIII (1943) Slovenská kníhtlačiareň, Ružomberok | ||
| 500 | |a Vychádzal od apríla 1924 do decembra 1944. V slov. jazyku vych. pod názvom Vestník Banskej revírnej rady pre Slovensko (3/IV 1924-1933), Vestník Banskej revírnej rady pre Slovensko a Podkarpatskú Rus (1934-1938) a Vestník Banskej revírnej rady v Bratislave (1939-1944) | ||
| 505 | 8 | 0 | |g Roč. IV. 1924 9 čís. [4-11] po 8 s. |
| 505 | 8 | 0 | |g Roč. V. 1925 12 čís. po 8 s. |
| 505 | 8 | 0 | |g Roč. VI. [IV] 1926 12 čís. po 8 s. |
| 505 | 8 | 0 | |g Roč. VII. 1927 12 čís. po 8 s. |
| 505 | 8 | 0 | |g Roč. VII. [VIII] 1928 12 čís. po 8 s. |
| 505 | 8 | 0 | |g Roč. VIII. [IX] 1929 12 čís. po 8 s. |
| 505 | 8 | 0 | |g Roč. X. 1930 12 čís. po 8-10 s. |
| 505 | 8 | 0 | |g Roč. XI. 1931 12 čís. po 4-8 s. |
| 505 | 8 | 0 | |g Roč. XII. 1932 12 čís. po 4-8 s. |
| 505 | 8 | 0 | |g Roč. XIII. 1933 10 čís. po 4-8 s. |
| 505 | 8 | 0 | |g Roč. XIV. 1934 10 čís. po 4-8 s. |
| 505 | 8 | 0 | |g Roč. XV. 1935 12 čís. po 4-8 s. |
| 505 | 8 | 0 | |g Roč. XVI. 1936 12 čís. po 4-8 s. |
| 505 | 8 | 0 | |g Roč. XVII. 1937 12 čís. po 4-8 s. |
| 505 | 8 | 0 | |g Roč. XVIII. 1938 12 čís. po 4-8 s. |
| 505 | 8 | 0 | |g Roč. XIX. 1939 12 čís. po 8 s. |
| 505 | 8 | 0 | |g Roč. XX. 1940 12 čís. po 8 s. |
| 505 | 8 | 0 | |g Roč. XXI. 1941 12 čís. po 8 - 16 s. |
| 505 | 8 | 0 | |g Roč. XXII. 1942 12 čís. dvojč. po 8 s. |
| 505 | 8 | 0 | |g Roč. XXIII. 1943 12 čís. dvojč. po 8 s. |
| 505 | 8 | 0 | |g Roč. XXIV. 1944 12 čís. dvojč. po 8 s. |
| 515 | |a Čísla 2-8/VI 1926 sú omylom označené ako roč. IV. Od č. 8 správne označenie ročníka. Ročník VIII. 1928 je omylom označený ako roč. VII., roč. IX. 1929 ako roč. VIII. Od roč. X. 1930 je označenie ročníkov správne | ||
| 520 | |a Záujmový mesačník písaný po nemecky. Donášal spolkové správy, správy o činnosti, riešil sociálne otázky | ||
| 650 | 0 | 7 | |a baníctvo |2 SNKPH |9 3571 |
| 655 | 7 | |a odborné časopisy |2 SNKBUDS |9 70505 | |
| 655 | 7 | |a hospodárske časopisy |2 SNKBUDS |9 265246 | |
| 700 | 1 | |a Hrstka, Karol |4 pbd |9 271163 | |
| 700 | 1 | |a Kolenička, Ladislav |4 pbd |9 271164 | |
| 700 | 1 | |a Mazanec, Július |4 pbd |9 271165 | |
| 700 | 1 | |a Svetlík, Karol |4 pbd |9 269854 | |
| 700 | 1 | |a Tubel, Jozef |4 pbd |9 271166 | |
| 710 | 2 | |a Banská revírna rada pre Slovensko (Ružomberok) |e vydav. |9 271167 | |
| 710 | 2 | |a Banská revírna rada pre Slovensko (Bratislava) |e vydav. |9 271168 | |
| 710 | 0 | |a Bečko, J. |e vydav. |9 271169 | |
| 710 | 2 | |a Slovenská kníhtlačiareň (Ružomberok) |e tlač. |9 269728 | |
| 710 | 2 | |a Typographia (Bratislava) |e tlač. |9 269857 | |
| 710 | 2 | |a Štecko a Trepáč (Ružomberok) |e tlač. |9 269328 | |
| 775 | 0 | |t Vestník Banskej revírnej rady pre Slovensko | |
| 775 | 0 | |t Vestník Banskej revírnej rady pre Slovensko a Podkarpatskú Rus | |
| 775 | 0 | |t Vestník Banskej revírnej rady v Bratislave | |
| 852 | |a SNK |b 10000 |h ČSB 861 | ||
| 852 | |a UKB |b 300000 |h 21 C 2318 | ||
| 852 | |a PANKP |b 5000000 |h 54 D 3574 | ||
| 852 | |a PANKP |b 5000000 |h III 2678 | ||
| 852 | |a SNK |b 10000 |h ČSB 213 | ||
| 852 | |a UKB |b 300000 |h 26 C 91 | ||
| 999 | |c 7919 |d 9849 | ||
| 952 | |0 0 |1 0 |4 0 |7 0 |a SNK |b SNK |d 2012-08-30 |l 0 |o snkČSB 861/22/1942 |p 17A0706661 |r 2026-02-21 20:23:28 |w 2026-02-21 |y PREZ | ||
| 952 | |0 0 |1 0 |4 0 |7 0 |a SNK |b SNK |d 2012-08-30 |l 0 |o snkČSB 861/21/1941 |p 17A0706651 |r 2026-02-21 20:23:29 |w 2026-02-21 |y PREZ | ||
| 952 | |0 0 |1 0 |4 0 |7 0 |a SNK |b SNK |d 2012-08-30 |l 0 |o snkČSB 861/20/1940 |p 17A0706652 |r 2026-02-21 20:23:29 |w 2026-02-21 |y PREZ | ||
| 952 | |0 0 |1 0 |4 0 |7 0 |8 5 |a SNK |b SNK |d 2012-08-30 |i snkF 4166/77 |l 0 |o snkČSB 861/4/1924 |p 17A0706656 |r 2026-02-21 20:23:29 |w 2026-02-21 |y PREZ | ||
| 952 | |0 0 |1 0 |4 0 |7 0 |a SNK |b SNK |d 2012-08-30 |l 0 |o snkČSB 861/18/1938 |p 17A0706653 |r 2026-02-21 20:23:29 |w 2026-02-21 |y PREZ | ||
| 952 | |0 0 |1 0 |4 0 |7 0 |a SNK |b SNK |d 2012-08-30 |l 0 |o snkČSB 861/17/1937 |p 17A0706654 |r 2026-02-21 20:23:29 |t č. 1-12 |w 2026-02-21 |y PREZ | ||
| 952 | |0 0 |1 0 |4 0 |7 0 |8 5 |a SNK |b SNK |d 2012-08-30 |i snkF 2539/79 |l 0 |o snkČSB 861/16/1936 |p 17A0706655 |r 2026-02-21 20:23:29 |w 2026-02-21 |y PREZ | ||
| 952 | |0 0 |1 0 |4 0 |7 0 |a SNK |b SNK |d 2012-08-30 |l 0 |o snkČSB 861/24/1944 |p 17A0706660 |r 2026-02-21 21:02:12 |w 2026-02-21 |y PREZ | ||
| 952 | |0 0 |1 0 |4 0 |7 0 |a SNK |b SNK |d 2012-08-30 |l 0 |o snkČSB 861/23/1943 |p 17A0706650 |r 2026-02-21 21:02:13 |t č. 1-12 |w 2026-02-21 |y PREZ | ||


